000 00747nam a2200241 a 4500
001 BRCA_5372
005 20190320205042.0
008 081210s1947----gw-a######---#000-0#ger-#
041 _ager
044 _agw
050 4 _aND653
_b.H36 1947
100 1 _aHanfstaengl, Eberhard
_913749
245 1 0 _aRembrandt Harmensz van Rijn
_cEberhard Hanfstaengl
260 _aMúnich
_bMünchner Verlag und Graphische Kunstanstalten
_c1947
300 _a199 p.
_bil. (algunas a color)
_c26 cm.
500 _aEn portada: 1606 Rembrandt Harmensz van Rijn 1669
500 _aE116
504 _aBibliografía: p. 195
600 1 4 _aRembrandt Harmenszoon van Rijn
_d1606-1669
_97376
650 1 4 _aPintores holandeses
_913750
902 _aGFM
942 _2lcc
_cB
999 _c5066
_d5066